000 00590nam a2200181 4500
008 020305s1983 ohu engta
020 _a087239607X
090 _aTT145
_bG76s
100 1 _aGramelsbach, Helen W.
245 1 0 _a71 creative Bible story projects /
_cHelen W. Gramelsbach.
260 _aOhio :
_bStandard Publishing,
_cc1983.
300 _a63 p. :
_bill.
650 4 _aChristian education
_xActivity programs.
650 4 _aHandicraft.
650 4 _aReligious education
_xHandicraft.
950 0 _3.95
951 _p13693
_x00007692
_oTT145/G76s
_j070613111051125
_d2000-12-21
_cOS
999 _c7926
_d7926